01247nam a2200301 a 4500001001200000003000800012006001900020007001500039008004100054010001700095020002800112040002100140035002100161050002600182082002100208100002300229245011200252260004700364300001700411504006600428533015200494650005900646650004400705655002900749700002400778710001700802856012600819ebr10001983CaPaEBRm u cr cn|||||||||980911s1999 ctu sbe 001 0 eng  z 98044222  z0313300291 (alk. paper) aCaPaEBRcCaPaEBR a(OCoLC)23216083814aLC1099.3b.M58 1999eb04a370.117/09732211 aMitchell, Bruce M.10aEncyclopedia of multicultural educationh[electronic resource] /cBruce M. Mitchell and Robert E. Salsbury. aWestport, Conn. :bGreenwood Press,c1999. aviii, 304 p. aIncludes bibliographical references (p. [293]-298) and index. aElectronic reproduction.bPalo Alto, Calif. :cebrary,d2013.nAvailable via World Wide Web.nAccess may be limited to ebrary affiliated libraries. 0aMulticultural educationzUnited StatesvEncyclopedias. 0aMulticultural educationvEncyclopedias. 7aElectronic books.2local1 aSalsbury, Robert E.2 aebrary, Inc.40uhttp://site.ebrary.com/lib/rucke/Doc?id=10001983zAn electronic book accessible through the World Wide Web; click to view